000 00920cam a22002897a 4500
003 CHAP
005 20220329141408.0
008 971013s1950 r 00010 d
010 _a67460
011 _a68432
035 _a77904
040 _cCHAP
082 _a631.70973
_bE8
110 _aE.U.A. Water Resources Policy Commission
_934968
245 1 2 _aA water policy for the American people
260 _aWashington :
_bWater Resources Policy Commission,
_c1950
300 _a3 v.
_b: ilus.
500 _aLa biblioteca tiene: v.1,
590 _aBATCH-UPD
_b10
_c20130410
_lUCH01
_h0043
590 _aBATCH-UPD
_b10
_c20130914
_lUCH01
_h1932
590 _aCONVERSION
_b10
_c20130109
_lUCH01
_h1337
650 1 4 _aPolítica hidráulica
_xE.U.A.
_990656
650 1 4 _aRecursos hidráulicos
_xE.U.A.
_995103
901 _aBK
942 _cLIBRO
949 _a631.70973 E8
_bBC
_cLIBRO
_d33724000168985
_eLIBRO
_h73406
_i77904
_si
999 _c67460
_d67460